Phác họa chân dung /

Người anh lớn; Đời thường nhà khoa học; Trả nợ đời; Hiện đại xa xôi và bí ẩn..

Guardado en:
Detalles Bibliográficos
Autor principal: Phan Quang.
Formato: Libro
Lenguaje:Vietnamese
Publicado: TpHCM : Nxb. Trẻ, 2004.
Materias:
Etiquetas: Agregar Etiqueta
Sin Etiquetas, Sea el primero en etiquetar este registro!
Thư viện lưu trữ: Mạng thư viện Đại học Đà Nẵng
LEADER 01147cam a2200349 a 4500
001 000044595
003 2997
005 20060511095124.0
008 010314b2004 vm 000 vie
020 |c 40000 
040 |a LRC  |c LRC  |d LRC 
041 0 |a vie 
082 1 4 |a 895.928309  |b PH-Q 
100 1 |a Phan Quang. 
245 1 0 |a Phác họa chân dung /  |c Phan Quang. 
260 |a TpHCM :  |b Nxb. Trẻ,  |c 2004. 
300 |a 353 tr. ;  |c 19 cm. 
520 3 |a Người anh lớn; Đời thường nhà khoa học; Trả nợ đời; Hiện đại xa xôi và bí ẩn.. 
630 0 4 |a Văn học Việt. 
650 0 4 |a Hồi ký  |x Văn học. 
OWN |a DUT 
AVA |a UDN50  |b DUT  |c Book  |d 895.928309 PH-Q  |e available  |t Error 5001 Not defined in file expand_doc_bib_avail.  |f 5  |g 0  |h N  |i 0  |j SH  |k 1 
999 |a From the UDN01 
AVA |a UDN50  |b DUT  |c Book  |d 895.928309 PH-Q  |e available  |t Error 5001 Not defined in file expand_doc_bib_avail.  |f 5  |g 0  |h N  |i 0  |j SH  |k 1 
TYP |a Monograph 
TYP |a Printed language 
980 |a Mạng thư viện Đại học Đà Nẵng